Statistiques concernant Culture Générale - Série 876

Cliquez ici pour prendre le quiz!

Statistiques générales

  • Ce quiz a été pris 114 fois
  • Le résultat moyen est 6 sur 10

Statistiques - réponses

QuestionRéponse% Correct
Selon l'expression populaire, lorsque l'on est de mauvaise humeur c'est que l'on s'est levé du pied...gauche
98%
Quel poisson, également appelé loup, a le même nom qu'un débit de boisson et qu'une unité de pression ?bar
91%
De quelle île méditerranéenne Minos était-il le roi légendaire ?Crète
85%
Quel animal est le gecko ?lézard
82%
Mélange de flocons d'avoine et d'autres ingrédients dont des graines et des fruits frais et secs, habituellement consommé au petit déjeuner mélangé à du laitmuesli
74%
Chez l'homme, quel nom porte la première vertèbre cervicale (C1) ?atlas
42%
Quelle est la capitale du Lesotho ?Maseru
42%
Quelle sainte, Jean Seberg incarne-t-elle en 1957 ?Jeanne d'Arc
41%
Chez l'homme, quel nom porte la deuxième vertèbre cervicale (C2) ?axis
26%
Quel fleuve arrose la ville allemande de Munich ?Isar
22%

Distribution des résultats

Percentile par nombre de réponses

% des personnes avec chaque résultat

Votre développement - résultats

Vous n’avez pas pris ce quiz